[Event "I Chess Classic Festival"]
[Site "Siracusa ITA"]
[Date "2006.09.28"]
[Round "7"]
[White "Condorelli, Roberto"]
[Black "Gulinelli, Euro"]
[Result "0-1"]
[WhiteElo "1515"]
[BlackElo "1586"]
[PlyCount "70"]
[EventDate "2006.09.23"]

1. c4 e5 2. g3 Nc6 3. Bg2 g6 4. Nf3 Bg7 5. Nc3 d6 6. O-O Nge7 7. d3 O-O 8. Rb1
a5 9. a3 Bd7 10. Bd2 Qc8 11. Re1 Kh8 12. Qc1 a4 13. b3 axb3 14. Rxb3 Na5 15.
Rb1 Nac6 16. Nb5 Na7 17. a4 Nxb5 18. axb5 f5 19. Bc3 f4 20. Ra1 fxg3 21. fxg3
Nf5 22. Ra3 Rxa3 23. Qxa3 Ne3 24. b6 Nc2 25. Qa7 Nxe1 26. Nxe1 c6 27. Nf3 Bh6
28. Be1 Be3+ 29. Bf2 Bxf2+ 30. Kxf2 Kg7 31. Ke1 Bg4 32. h3 Bxf3 33. Bxf3 Qa8
34. Bxc6 Qxa7 35. bxa7 bxc6 0-1

[Event "I Chess Classic Festival"]
[Site "Siracusa ITA"]
[Date "2006.09.28"]
[Round "7"]
[White "Conti, Silvano"]
[Black "Bramanti, Vincenzo"]
[Result "1-0"]
[WhiteElo "1628"]
[BlackElo "1425"]
[PlyCount "73"]
[EventDate "2006.09.23"]

1. e4 c5 2. Nf3 Nc6 3. d4 e6 4. Be2 cxd4 5. Nxd4 Nf6 6. Nc3 Bb4 7. f3 Bxc3+ 8.
bxc3 d5 9. Nxc6 bxc6 10. exd5 exd5 11. O-O O-O 12. Bg5 Qd6 13. Qd2 h6 14. Bh4
Nh5 15. Bd3 Re8 16. Bf2 Bd7 17. c4 dxc4 18. Bh7+ Kxh7 19. Qxd6 Rad8 20. Qc5 Nf4
21. Qxc4 Ne2+ 22. Kh1 Re6 23. Rfe1 Rde8 24. Qd3+ Rg6 25. Qxd7 Ree6 26. Qxf7
Ref6 27. Qxa7 Nf4 28. Bg3 Nh5 29. Re7 Rf5 30. a4 Rfg5 31. a5 Nxg3+ 32. hxg3
Rxg3 33. Rxg7+ Rxg7 34. Qf2 R7g5 35. a6 Rh5+ 36. Kg1 Rgg5 37. Qd2 1-0

[Event "I Chess Classic Festival"]
[Site "Siracusa ITA"]
[Date "2006.09.28"]
[Round "7"]
[White "Cultrera, Salvatore"]
[Black "Minniti, Cristiano"]
[Result "1-0"]
[WhiteElo "1693"]
[BlackElo "1608"]
[PlyCount "91"]
[EventDate "2006.09.23"]

1. d4 Nf6 2. Nf3 e6 3. c4 d5 4. Nc3 Bb4 5. Qb3 Nc6 6. Bg5 O-O 7. a3 Bxc3+ 8.
Qxc3 h6 9. Bh4 Re8 10. e3 Bd7 11. Bd3 Qe7 12. O-O Rad8 13. Rfe1 b6 14. Ne5 Kh8
15. Nxd7 Qxd7 16. Bxf6 gxf6 17. cxd5 exd5 18. Rac1 Nb8 19. Qxc7 Qe6 20. Qf4 Kg8
21. Qxh6 f5 22. Qxe6 fxe6 23. Rc7 a6 24. b4 e5 25. dxe5 Rxe5 26. Kf1 Rde8 27.
Be2 a5 28. bxa5 bxa5 29. Bh5 Rd8 30. Rd1 Kh8 31. Rc5 f4 32. Bf3 fxe3 33. fxe3
Rxe3 34. Rxa5 d4 35. a4 d3 36. Rd5 Rxd5 37. Bxd5 Na6 38. Kf2 Re2+ 39. Kf3 Nb4
40. Bc4 Rc2 41. Bxd3 Rc3 42. Ke4 Rc8 43. Bb5 Na2 44. Rd7 Nc3+ 45. Ke3 Re8+ 46.
Kd3 1-0

[Event "I Chess Classic Festival"]
[Site "Siracusa ITA"]
[Date "2006.09.28"]
[Round "7"]
[White "Kopischke, Maik"]
[Black "Cioffi, Luigi"]
[Result "1-0"]
[WhiteElo "1984"]
[BlackElo "1735"]
[PlyCount "77"]
[EventDate "2006.09.23"]

1. d4 d5 2. Nf3 Nf6 3. c3 e6 4. Bg5 Be7 5. Nbd2 Nbd7 6. e3 c6 7. Bd3 h6 8. Bh4
Nh5 9. Bxe7 Qxe7 10. Ne5 Nhf6 11. O-O Nxe5 12. dxe5 Nd7 13. f4 Nc5 14. Bc2 Bd7
15. Nf3 Na6 16. Rc1 O-O-O 17. b4 Nc7 18. a4 g5 19. Qd4 Kb8 20. Ra1 Rdg8 21.
Rfb1 gxf4 22. exf4 Rg7 23. Bd3 Rhg8 24. Bf1 h5 25. b5 c5 26. Qf2 b6 27. Qa2 Kb7
28. a5 Ra8 29. Rb3 c4 30. Rb4 Qc5+ 31. Nd4 Nxb5 32. axb6 a5 33. Qa4 Nxd4 34.
Qxd7+ Kb8 35. cxd4 Qxd4+ 36. Kh1 Qc5 37. Rb5 Qc8 38. Qxc8+ Kxc8 39. b7+ 1-0

[Event "I Chess Classic Festival"]
[Site "Siracusa ITA"]
[Date "2006.09.28"]
[Round "7"]
[White "Larsson, Daniel"]
[Black "Gangemi, Salvatore"]
[Result "0-1"]
[WhiteElo "1958"]
[BlackElo "2077"]
[PlyCount "66"]
[EventDate "2006.09.23"]

1. d4 Nf6 2. f4 d5 3. e3 Bg4 4. Nf3 Nbd7 5. Nbd2 e6 6. c3 c5 7. Bd3 cxd4 8.
exd4 Bd6 9. h3 Bh5 10. g4 Bg6 11. Bxg6 hxg6 12. Ne5 Bxe5 13. dxe5 Ng8 14. Nf3
Nc5 15. Be3 Qc7 16. Bxc5 Qxc5 17. Qd4 Qb5 18. O-O-O Ne7 19. Qd3 Qa4 20. Nd4 a6
21. Kb1 Nc6 22. Nxe6 fxe6 23. Qxg6+ Kd7 24. Qxg7+ Ne7 25. f5 Qe4+ 26. Ka1 Rag8
27. Qf7 exf5 28. gxf5 Rf8 29. Qe6+ Kd8 30. Qd6+ Kc8 31. Qxe7 Qxf5 32. Rxd5 Qf3
33. Rhd1 Qxd5 0-1

[Event "I Chess Classic Festival"]
[Site "Siracusa ITA"]
[Date "2006.09.28"]
[Round "7"]
[White "Liistro, Giovanni Carlo"]
[Black "Murgia, Andrea"]
[Result "1/2-1/2"]
[WhiteElo "1820"]
[BlackElo "2063"]
[PlyCount "58"]
[EventDate "2006.09.23"]

1. e4 e5 2. Nf3 Nc6 3. Bb5 a6 4. Ba4 d6 5. c3 Nge7 6. d4 Bd7 7. Bb3 h6 8. O-O
Ng6 9. Be3 Be7 10. Nbd2 Bg5 11. a3 Qf6 12. Ba2 Nf4 13. Bxf4 Bxf4 14. dxe5 dxe5
15. Re1 Rd8 16. Qc2 g5 17. g3 g4 18. Nh4 h5 19. Rad1 Bg5 20. Nf5 h4 21. Nf1 Ne7
22. N1e3 hxg3 23. fxg3 Qb6 24. Kg2 Bxe3 25. Nxe3 Qh6 26. Kg1 f5 27. exf5 Qb6
28. f6 Nf5 29. Rxd7 Nxe3 1/2-1/2

[Event "I Chess Classic Festival"]
[Site "Siracusa ITA"]
[Date "2006.09.28"]
[Round "7"]
[White "Minniti, Elenamaria"]
[Black "Cappello, Antonino"]
[Result "0-1"]
[WhiteElo "1455"]
[BlackElo "1631"]
[PlyCount "32"]
[EventDate "2006.09.23"]

1. e4 e5 2. Nf3 Nc6 3. Bc4 Nf6 4. Ng5 d5 5. exd5 Nxd5 6. Nxf7 Kxf7 7. Qf3+ Ke6
8. O-O Qd6 9. d4 Kd7 10. Bxd5 Nxd4 11. Qe4 Be7 12. Rd1 Ke8 13. c3 Bf5 14. Bc6+
bxc6 15. Qxf5 Ne2+ 16. Kf1 Qxd1# 0-1

[Event "I Chess Classic Festival"]
[Site "Siracusa ITA"]
[Date "2006.09.28"]
[Round "7"]
[White "Monica, Vincenzo"]
[Black "Minniti, Giuseppe"]
[Result "0-1"]
[WhiteElo "1523"]
[BlackElo "1740"]
[PlyCount "90"]
[EventDate "2006.09.23"]

1. e4 d5 2. exd5 Nf6 3. Bb5+ Bd7 4. Qe2 a6 5. Bc4 Bf5 6. Nc3 c6 7. Qf3 Bg6 8.
d3 Bh5 9. Qf5 g6 10. Qh3 Bg4 11. Qh4 b5 12. Bb3 Bc8 13. dxc6 Nxc6 14. Nf3 Bg7
15. Bh6 O-O 16. Bxg7 Kxg7 17. Ne4 Nd4 18. Nxf6 Nxf3+ 19. gxf3 exf6 20. Kd2 Bb7
21. Qf4 Qb6 22. d4 a5 23. c3 b4 24. h4 bxc3+ 25. bxc3 Qc6 26. Rh3 Rac8 27. Qe3
Rfe8 28. Qd3 Ba6 29. c4 a4 30. h5 axb3 31. axb3 g5 32. Rg3 Qd6 33. f4 Qb4+ 34.
Qc3 Qd6 35. Rg4 Re4 36. Rxg5+ fxg5 37. d5+ Kg8 38. Qf3 Rxf4 39. Qe3 Qf6 40. Rf1
Qb2+ 41. Kd3 Qxb3+ 42. Kd2 Qxc4 43. h6 Qc2+ 44. Ke1 Qb1+ 45. Kd2 Rc2# 0-1

[Event "I Chess Classic Festival"]
[Site "Siracusa ITA"]
[Date "2006.09.28"]
[Round "7"]
[White "Pafumi, Francesco"]
[Black "Santagati, Alessandro"]
[Result "0-1"]
[WhiteElo "1702"]
[BlackElo "2116"]
[PlyCount "96"]
[EventDate "2006.09.23"]

1. e4 d6 2. d4 Nf6 3. Nc3 g6 4. Bg5 Bg7 5. Be2 O-O 6. Nf3 Nbd7 7. Qd2 c5 8. d5
a6 9. a4 Qb6 10. O-O Qb4 11. Qd3 h6 12. Bd2 Qb6 13. a5 Qc7 14. Nh4 b5 15. axb6
Qxb6 16. Kh1 Ne5 17. Qg3 g5 18. Nf5 Bxf5 19. exf5 Qxb2 20. Ra2 Qb4 21. Rb1 Qd4
22. Rd1 Ne4 23. Nxe4 Qxe4 24. Bxa6 Qxd5 25. c4 Nxc4 26. Qb3 Nb6 27. Qxd5 Nxd5
28. Bc4 Rxa2 29. Bxa2 Nc3 30. Bxc3 Bxc3 31. g4 Ra8 32. Bd5 Ra1 33. Rxa1 Bxa1
34. Kg2 Kg7 35. Kf3 Kf6 36. Ke2 e6 37. Be4 Ke5 38. Kd3 c4+ 39. Ke3 Bd4+ 40. Kf3
Bxf2 41. fxe6 fxe6 42. Bg6 Bc5 43. Ke2 d5 44. Kf3 Kd4 45. Ke2 e5 46. Bf7 c3 47.
Kd1 Kd3 48. Bg6+ e4 0-1

[Event "I Chess Classic Festival"]
[Site "Siracusa ITA"]
[Date "2006.09.28"]
[Round "7"]
[White "Parla, Aldo"]
[Black "Maugeri, Domenico"]
[Result "1-0"]
[WhiteElo "1571"]
[BlackElo "1451"]
[PlyCount "59"]
[EventDate "2006.09.23"]

1. c4 e5 2. Nc3 f5 3. g3 Nf6 4. e3 c6 5. Bg2 Be7 6. Nge2 O-O 7. O-O a6 8. d4 e4
9. f3 d5 10. cxd5 cxd5 11. Qb3 b5 12. fxe4 fxe4 13. Nxe4 Bb7 14. Nxf6+ Rxf6 15.
Rxf6 Bxf6 16. Nf4 Kh8 17. Bd2 Qg8 18. Nxd5 Bg5 19. Nf4 Qxb3 20. axb3 Bxg2 21.
Kxg2 Nd7 22. Rc1 Nf6 23. Kf3 a5 24. Bxa5 Rxa5 25. Nd3 h5 26. Rc5 Bh6 27. e4 g5
28. h3 Kh7 29. Rc7+ Kg6 30. Ne5# 1-0

[Event "I Chess Classic Festival"]
[Site "Siracusa ITA"]
[Date "2006.09.28"]
[Round "7"]
[White "Rigo, Gianfrancesco"]
[Black "Fagotto, Roberto"]
[Result "1-0"]
[WhiteElo "2013"]
[BlackElo "1921"]
[PlyCount "93"]
[EventDate "2006.09.23"]

1. e4 e5 2. Bc4 Nf6 3. d4 exd4 4. Nf3 Nc6 5. O-O d6 6. Nxd4 Be7 7. Nc3 O-O 8.
Nxc6 bxc6 9. f3 a5 10. Be3 Be6 11. Qe2 Qb8 12. Bxe6 fxe6 13. Qc4 Kf7 14. b3 Qb7
15. Rae1 d5 16. exd5 cxd5 17. Qe2 Rae8 18. Bd4 Bb4 19. Qe3 Qc6 20. f4 Bxc3 21.
Bxc3 Ne4 22. Bd4 Kg8 23. c4 Qd7 24. Rd1 Rf5 25. Be5 Qc6 26. Qd4 dxc4 27. Bxg7
cxb3 28. axb3 Qb6 29. Be5 Rf7 30. Qxb6 cxb6 31. Rd4 Nc5 32. Rf3 h6 33. Rh3 Kh7
34. g4 Kg6 35. Rd6 Rd7 36. Rxb6 Rd1+ 37. Kg2 Rd2+ 38. Kf1 Nd7 39. f5+ Kg5 40.
Rxe6 Rg8 41. Bc3 Rc2 42. Re4 Nf6 43. Rc4 Rc1+ 44. Kg2 Rc2+ 45. Kf3 Ra2 46. Be1
h5 47. Bh4+ 1-0

[Event "I Chess Classic Festival"]
[Site "Siracusa ITA"]
[Date "2006.09.28"]
[Round "7"]
[White "Salvaggio, Salvatore"]
[Black "Rosolia, Giuseppe"]
[Result "0-1"]
[WhiteElo "1694"]
[BlackElo "1936"]
[PlyCount "86"]
[EventDate "2006.09.23"]

1. d4 Nf6 2. c4 g6 3. Nc3 Bg7 4. e4 d6 5. Nf3 O-O 6. Be2 e5 7. O-O Nc6 8. d5
Ne7 9. Ne1 Nd7 10. Nd3 f5 11. b4 Nf6 12. f3 f4 13. c5 Ne8 14. Bd2 g5 15. Rc1
Ng6 16. Qb3 Rf7 17. cxd6 cxd6 18. b5 Bf8 19. Na4 Rg7 20. b6 a6 21. Rc2 Nh4 22.
Nf2 h5 23. g3 g4 24. fxg4 hxg4 25. gxf4 Nf3+ 26. Bxf3 gxf3+ 27. Kh1 Bd7 28. Nb2
exf4 29. Qxf3 Qxb6 30. Bxf4 Rc8 31. Rxc8 Bxc8 32. Nbd3 Bd7 33. Be3 Qd8 34. Ng4
Qe7 35. Nh6+ Kh7 36. Qxf8 Qxe4+ 37. Qf3 Qxd3 38. Rg1 Rxg1+ 39. Kxg1 Nf6 40. Nf7
Qb1+ 41. Kg2 Qxa2+ 42. Kg3 Qa1 43. Nxd6 Qe5+ 0-1

[Event "I Chess Classic Festival"]
[Site "Siracusa ITA"]
[Date "2006.09.28"]
[Round "7"]
[White "Tondo, Salvatore"]
[Black "Campailla, Maurizio"]
[Result "1-0"]
[WhiteElo "2029"]
[BlackElo "1658"]
[PlyCount "63"]
[EventDate "2006.09.23"]

1. e4 c5 2. d4 cxd4 3. c3 d3 4. Bxd3 Nc6 5. c4 Nf6 6. Nc3 e6 7. Nf3 d6 8. O-O
a6 9. h3 Be7 10. Be3 Rb8 11. Rc1 O-O 12. Qe2 Nd7 13. b3 Nc5 14. Bb1 Bd7 15.
Rfd1 Qc7 16. Bf4 Rbd8 17. Rd2 Bc8 18. Rcd1 Bf6 19. Qe3 Bxc3 20. Qxc3 e5 21. Be3
f6 22. b4 Ne6 23. b5 Na5 24. b6 Qxc4 25. Qxa5 Qc6 26. Qb4 Qe8 27. a3 Qg6 28.
Ba2 Kh8 29. Nh4 Qh5 30. Nf5 Ng5 31. Bxg5 fxg5 32. Rxd6 1-0

[Event "I Chess Classic Festival"]
[Site "Siracusa ITA"]
[Date "2006.09.29"]
[Round "8"]
[White "Bottini, Paolo"]
[Black "Agnello, Giuseppe"]
[Result "1/2-1/2"]
[WhiteElo "1908"]
[BlackElo "2139"]
[PlyCount "32"]
[EventDate "2006.09.23"]

1. e4 c5 2. Nf3 d6 3. d4 cxd4 4. Nxd4 Nf6 5. Nc3 a6 6. f4 e5 7. Nf3 Qc7 8. a4
Be7 9. Bd3 Be6 10. O-O Nbd7 11. Kh1 O-O 12. Be3 exf4 13. Bxf4 Ne5 14. Nxe5 dxe5
15. Bg5 Rfd8 16. Bxf6 Bxf6 1/2-1/2

[Event "I Chess Classic Festival"]
[Site "Siracusa ITA"]
[Date "2006.09.29"]
[Round "8"]
[White "Bramanti, Vincenzo"]
[Black "Minniti, Elenamaria"]
[Result "1-0"]
[WhiteElo "1425"]
[BlackElo "1455"]
[PlyCount "73"]
[EventDate "2006.09.23"]

1. d4 d5 2. c4 Nf6 3. cxd5 Nxd5 4. e4 Nf6 5. Nc3 Nc6 6. Be3 e5 7. d5 Nb4 8.
Qa4+ Bd7 9. Qb3 b6 10. a3 Na6 11. Bxa6 Rb8 12. Bd3 Bc5 13. Bxc5 bxc5 14. Qc2
O-O 15. f3 c6 16. Bc4 cxd5 17. Nxd5 Nxd5 18. Bxd5 Bb5 19. Qc3 Qd6 20. Rd1 Qe7
21. g3 Ba4 22. b3 Bb5 23. a4 Ba6 24. Nh3 Rfd8 25. Nf2 Bb7 26. Bc4 Rxd1+ 27.
Nxd1 Qg5 28. O-O Rd8 29. Ne3 g6 30. Rd1 Rxd1+ 31. Nxd1 Bc8 32. Kg2 Qh5 33. Nf2
Kg7 34. Qa5 f5 35. Qc7+ Kf6 36. Qf7+ Kg5 37. h4+ 1-0

[Event "I Chess Classic Festival"]
[Site "Siracusa ITA"]
[Date "2006.09.29"]
[Round "8"]
[White "Campailla, Maurizio"]
[Black "Baio, Giuseppe"]
[Result "1-0"]
[WhiteElo "1658"]
[BlackElo "1485"]
[PlyCount "79"]
[EventDate "2006.09.23"]

1. e4 c5 2. Nf3 Nc6 3. Bc4 d6 4. O-O Nf6 5. Nc3 e6 6. d4 cxd4 7. Nxd4 Be7 8.
Re1 O-O 9. h3 a6 10. a4 Qc7 11. Be2 Bd7 12. Nb3 Rfe8 13. Be3 Rad8 14. a5 Nb8
15. Bb6 Qc8 16. Bxd8 Rxd8 17. Bf3 Bc6 18. Re3 Nbd7 19. Qe2 Ne5 20. Na4 Bb5 21.
Nb6 Bxe2 22. Nxc8 Bxf3 23. Nxe7+ Kf8 24. gxf3 Kxe7 25. Nd2 Nfd7 26. f4 Nc6 27.
c3 Kf6 28. b4 Ke7 29. Rd1 Na7 30. f5 f6 31. f4 Nf8 32. fxe6 Nxe6 33. f5 Ng5 34.
h4 Nf7 35. Rg3 Rg8 36. Nf3 Nb5 37. c4 Nc3 38. Re1 Na2 39. Nd4 Nxb4 40. Rb1 1-0

[Event "I Chess Classic Festival"]
[Site "Siracusa ITA"]
[Date "2006.09.29"]
[Round "8"]
[White "Candura, Stefano"]
[Black "Di Martino, Giancarlo"]
[Result "1-0"]
[WhiteElo "2022"]
[BlackElo "1688"]
[PlyCount "67"]
[EventDate "2006.09.23"]

1. d4 Nf6 2. Nf3 g6 3. Nc3 Bg7 4. e4 d6 5. Be3 O-O 6. Qd2 b6 7. Bh6 Bb7 8. Bd3
c5 9. Bxg7 Kxg7 10. d5 e6 11. O-O exd5 12. exd5 Bxd5 13. Nxd5 Nxd5 14. Be4 Nc7
15. Bxa8 Nxa8 16. c4 Nc6 17. Rad1 Qf6 18. Qxd6 Na5 19. Qxf6+ Kxf6 20. b3 Re8
21. Rd7 a6 22. Rfd1 b5 23. cxb5 axb5 24. Ra7 Nxb3 25. axb3 c4 26. bxc4 bxc4 27.
Rda1 Nb6 28. R7a6 Re6 29. Rb1 Nd5 30. Rxe6+ fxe6 31. Kf1 Ke7 32. Rc1 c3 33. Ng5
h5 34. Ne4 1-0

[Event "I Chess Classic Festival"]
[Site "Siracusa ITA"]
[Date "2006.09.29"]
[Round "8"]
[White "Cappello, Antonino"]
[Black "Mangiafico, Francesco"]
[Result "1-0"]
[WhiteElo "1631"]
[BlackElo "1416"]
[PlyCount "78"]
[EventDate "2006.09.23"]

1. d4 e6 2. c4 b6 3. Nc3 Bb4 4. Bd2 Bxc3 5. Bxc3 Nf6 6. e3 Ne4 7. Qc2 Nxc3 8.
Qxc3 O-O 9. Be2 Bb7 10. Bf3 Bxf3 11. Nxf3 d6 12. O-O-O Nd7 13. h4 Nf6 14. Qd3
Ng4 15. Rd2 f5 16. Ng5 Qf6 17. f3 h6 18. Nh3 Qxh4 19. fxg4 fxg4 20. Nf2 Qg3 21.
Ne4 Rf1+ 22. Rxf1 Qh4 23. g3 Qe7 24. Rdf2 d5 25. cxd5 exd5 26. Nc3 c6 27. Rf4
b5 28. Rxg4 Rf8 29. Rxf8+ Qxf8 30. Rf4 Qd6 31. e4 b4 32. Na4 g5 33. e5 Qd7 34.
Qg6+ Qg7 35. Qxg7+ Kxg7 36. Rf1 g4 37. e6 h5 38. e7 h4 39. gxh4 g3 1-0

[Event "I Chess Classic Festival"]
[Site "Siracusa ITA"]
[Date "2006.09.29"]
[Round "8"]
[White "Carnemolla, Giampaolo"]
[Black "Liistro, Giovanni Carlo"]
[Result "0-1"]
[WhiteElo "1659"]
[BlackElo "1820"]
[PlyCount "62"]
[EventDate "2006.09.23"]

1. d4 Nf6 2. c4 g6 3. Nc3 Bg7 4. e4 d6 5. f3 O-O 6. Be3 c5 7. d5 Nbd7 8. g4 a6
9. Qd2 h5 10. h3 Rb8 11. a4 Qa5 12. Bh6 Bxh6 13. Qxh6 Qb4 14. Qc1 Ne5 15. b3 b5
16. Kf2 bxc4 17. bxc4 Qb2+ 18. Ke3 Qxc1+ 19. Rxc1 hxg4 20. hxg4 Rb4 21. Rc2
Nxc4+ 22. Bxc4 Rxc4 23. Kd3 Rb4 24. Rch2 Bd7 25. Nge2 Bxa4 26. Nxa4 Rxa4 27.
Ng3 Kg7 28. Nf5+ gxf5 29. gxf5 Rg8 30. Rb2 Rb4 31. Ra2 Rb6 0-1

[Event "I Chess Classic Festival"]
[Site "Siracusa ITA"]
[Date "2006.09.29"]
[Round "8"]
[White "Cioffi, Luigi"]
[Black "Conti, Silvano"]
[Result "1-0"]
[WhiteElo "1735"]
[BlackElo "1628"]
[PlyCount "127"]
[EventDate "2006.09.23"]

1. f4 e5 2. fxe5 d6 3. Nf3 Nc6 4. e4 dxe5 5. Bb5 Bd7 6. O-O Qe7 7. Nc3 O-O-O 8.
d3 f6 9. Be3 a6 10. Ba4 Qe8 11. Nd5 Nge7 12. c4 g5 13. Nxf6 Qg6 14. Bxg5 Bg4
15. Nxg4 h5 16. Ne3 Nb4 17. Bc2 Rg8 18. g3 Bh6 19. Bxh6 Qxh6 20. Ng2 Ng6 21. a3
Nxc2 22. Qxc2 h4 23. Nfxh4 Nxh4 24. gxh4 Qxh4 25. Qf2 Qh3 26. Qf5+ Qxf5 27.
Rxf5 Rxd3 28. Raf1 Rg4 29. Kh1 Rxe4 30. Re1 Rxc4 31. Rfxe5 Rd2 32. R5e2 Rdd4
33. Ne3 Rc5 34. Nc2 Rh4 35. Rd1 b6 36. Nb4 a5 37. Na2 Rh3 38. Rc1 Rb5 39. Rec2
c5 40. Kg2 Rd3 41. Nc3 Rb3 42. Na4 Rb5 43. Rc3 Rd4 44. b3 Kb7 45. R1c2 Kc6 46.
Nb2 Kd5 47. a4 Rbb4 48. Nd3 Rg4+ 49. Kf3 Rbe4 50. Rc4 Rxc4 51. Rxc4 Rxc4 52.
bxc4+ Kxc4 53. Ne5+ Kd4 54. Nd7 c4 55. Nxb6 Kd3 56. Nd5 c3 57. Ne3 c2 58. Nxc2
Kxc2 59. h4 Kb3 60. h5 Kxa4 61. h6 Kb3 62. h7 a4 63. h8=Q a3 64. Qa1 1-0

[Event "I Chess Classic Festival"]
[Site "Siracusa ITA"]
[Date "2006.09.29"]
[Round "8"]
[White "Gangemi, Salvatore"]
[Black "Timoshenko, Georgy"]
[Result "0-1"]
[WhiteElo "2077"]
[BlackElo "2550"]
[PlyCount "66"]
[EventDate "2006.09.23"]

1. c4 e5 2. Nc3 Nc6 3. g3 g6 4. Bg2 Bg7 5. d3 f5 6. Nf3 d6 7. h4 Nf6 8. Bg5 h6
9. Bxf6 Qxf6 10. Nd5 Qf7 11. e3 O-O 12. O-O Be6 13. Qe2 Rae8 14. Nd2 Nb8 15.
Rab1 c6 16. Nc3 Nd7 17. Rbc1 Kh7 18. b4 Nf6 19. b5 c5 20. Qf3 Re7 21. Nd5 Rd7
22. a4 g5 23. hxg5 hxg5 24. b6 axb6 25. Nxb6 Re7 26. Nd5 g4 27. Nxf6+ Bxf6 28.
Qd1 Qh5 29. Rb1 Kg7 30. Re1 Rh8 31. Rxb7 Rxb7 32. Bxb7 e4 33. Kf1 Qh1+ 0-1

[Event "I Chess Classic Festival"]
[Site "Siracusa ITA"]
[Date "2006.09.29"]
[Round "8"]
[White "Gulinelli, Euro"]
[Black "Salvaggio, Salvatore"]
[Result "0-1"]
[WhiteElo "1586"]
[BlackElo "1694"]
[PlyCount "86"]
[EventDate "2006.09.23"]

1. d4 Nf6 2. c4 g6 3. Nc3 Bg7 4. e4 d6 5. f3 O-O 6. Be3 e5 7. Nge2 a5 8. Qd2
Nc6 9. a3 a4 10. d5 Na5 11. Nc1 Bd7 12. c5 Ne8 13. Be2 f5 14. O-O f4 15. Bf2 g5
16. Qc2 dxc5 17. Nxa4 Bxa4 18. Qxa4 Nc6 19. Qc4 Nd4 20. Qxc5 b6 21. Qc3 Nxe2+
22. Nxe2 Nd6 23. a4 Nb7 24. b4 Qd7 25. Qb3 Kh8 26. Rfc1 Rfc8 27. Rc6 Bf8 28.
Nc3 Bd6 29. Nb5 g4 30. Rac1 gxf3 31. g3 fxg3 32. Bxg3 Qg4 33. Kf2 Qxe4 34. Re1
Qg4 35. Rg1 Qf5 36. Rc3 e4 37. Bxd6 cxd6 38. Nc7 Qe5 39. Rg3 Qd4+ 40. Re3 Rxc7
41. Rg4 Rg8 42. Rgxe4 Qd2+ 43. Re2 fxe2 0-1

[Event "I Chess Classic Festival"]
[Site "Siracusa ITA"]
[Date "2006.09.29"]
[Round "8"]
[White "Karlsson, Lars"]
[Black "Ljubisavljevic, Zivojin Z."]
[Result "1-0"]
[WhiteElo "2506"]
[BlackElo "2290"]
[PlyCount "91"]
[EventDate "2006.09.23"]

1. c4 e5 2. Nc3 f5 3. d4 e4 4. Bf4 Bb4 5. Rc1 Nf6 6. a3 Bxc3+ 7. Rxc3 O-O 8. e3
d6 9. Ne2 Nc6 10. h4 Ne7 11. h5 h6 12. Bg3 Kh7 13. Nf4 a5 14. Bh4 c6 15. Be2
Qe8 16. Qc2 b5 17. Bxf6 Rxf6 18. cxb5 cxb5 19. Rc7 Be6 20. g4 Nd5 21. Nxd5 Bxd5
22. Rg1 fxg4 23. Rxg4 Qf8 24. f3 Kh8 25. Rgxg7 Qxg7 26. Rxg7 Kxg7 27. fxe4 Bc4
28. Bxc4 bxc4 29. e5 Rff8 30. Qg6+ Kh8 31. Qxh6+ Kg8 32. Qg6+ Kh8 33. Qxd6 Rf3
34. Qh6+ Kg8 35. Qg6+ Kh8 36. Qh6+ Kg8 37. Ke2 Raf8 38. Qe6+ Kh8 39. Qxc4 Rf2+
40. Kd3 Rxb2 41. e6 Rb7 42. Qc5 Re8 43. Qe5+ Kg8 44. d5 Rb3+ 45. Ke4 Rxa3 46.
Qg5+ 1-0

[Event "I Chess Classic Festival"]
[Site "Siracusa ITA"]
[Date "2006.09.29"]
[Round "8"]
[White "Maugeri, Domenico"]
[Black "Condorelli, Roberto"]
[Result "1-0"]
[WhiteElo "1451"]
[BlackElo "1515"]
[PlyCount "45"]
[EventDate "2006.09.23"]

1. d4 Nf6 2. c4 g6 3. Nc3 Bg7 4. g3 c6 5. Bg2 Na6 6. a3 O-O 7. Nf3 Nc7 8. Qc2
d5 9. cxd5 Nfxd5 10. O-O a5 11. Ne4 Bf5 12. e3 Nb5 13. Nfd2 Re8 14. Qc5 e5 15.
a4 Bf8 16. Qc4 Nd6 17. Nxd6 Qxd6 18. e4 Nb6 19. Qb3 Bxe4 20. Nxe4 Qxd4 21. Nf6+
Kg7 22. Nxe8+ Rxe8 23. Be3 1-0

[Event "I Chess Classic Festival"]
[Site "Siracusa ITA"]
[Date "2006.09.29"]
[Round "8"]
[White "Minniti, Giuseppe"]
[Black "Pafumi, Francesco"]
[Result "1/2-1/2"]
[WhiteElo "1740"]
[BlackElo "1702"]
[PlyCount "107"]
[EventDate "2006.09.23"]

1. e4 e5 2. d4 exd4 3. c3 d5 4. exd5 Qxd5 5. cxd4 Nc6 6. Nf3 Bg4 7. Be2 Nf6 8.
Nc3 Qd7 9. O-O Bd6 10. Re1 O-O 11. Be3 a6 12. a3 Rfe8 13. b4 Ne7 14. Ne5 Bxe5
15. dxe5 Bxe2 16. Qxe2 Ng4 17. Bf4 Qf5 18. Bg3 Nc6 19. f4 Nd4 20. Qe4 Qxe4 21.
Rxe4 Nc2 22. Ra2 Nce3 23. f5 h5 24. e6 c6 25. exf7+ Kxf7 26. Rf4 Rad8 27. h3
Nf6 28. Re2 Rd3 29. Be1 Nfd5 30. Nxd5 cxd5 31. a4 Re5 32. g4 hxg4 33. hxg4 Nxg4
34. Rxe5 Nxe5 35. Bf2 Rd1+ 36. Kg2 Nd3 37. Rf3 Nxf2 38. Rxf2 Rd4 39. Rb2 Rf4
40. b5 Rxa4 41. Rd2 d4 42. bxa6 bxa6 43. Kf3 Kf6 44. Ke4 a5 45. Rg2 d3+ 46.
Kxd3 Rf4 47. Rg6+ Kf7 48. Rg5 a4 49. Kc3 Kf6 50. Rg6+ Kxf5 51. Rxg7 Ke6 52. Rb7
Rf3+ 53. Kb2 Kd5 54. Rc7 1/2-1/2

[Event "I Chess Classic Festival"]
[Site "Siracusa ITA"]
[Date "2006.09.29"]
[Round "8"]
[White "Moscarelli, Giacomo"]
[Black "Parla, Aldo"]
[Result "1-0"]
[WhiteElo "1661"]
[BlackElo "1571"]
[PlyCount "61"]
[EventDate "2006.09.23"]

1. d4 e6 2. e3 f5 3. f4 Nf6 4. Nf3 b6 5. Bd3 Bb7 6. O-O Be7 7. Nbd2 O-O 8. Qe2
c5 9. c3 a5 10. Rd1 Ba6 11. Bxa6 Nxa6 12. Ne5 Bd6 13. Ndf3 Nc7 14. Bd2 b5 15.
a3 c4 16. Be1 Qe8 17. a4 b4 18. Nxc4 Be7 19. cxb4 axb4 20. b3 Ncd5 21. h3 Ne4
22. Rac1 Rf6 23. Nfe5 Rh6 24. Qf3 Ra6 25. Nd3 g5 26. Nf2 Qh5 27. g4 fxg4 28.
Qxe4 g3 29. Ng4 Qxh3 30. Nxh6+ Kg7 31. Qg2 1-0

[Event "I Chess Classic Festival"]
[Site "Siracusa ITA"]
[Date "2006.09.29"]
[Round "8"]
[White "Mossiaguine, Allan"]
[Black "Larsson, Daniel"]
[Result "0-1"]
[WhiteElo "1497"]
[BlackElo "1958"]
[PlyCount "86"]
[EventDate "2006.09.23"]

1. d4 d5 2. Bf4 e6 3. Nf3 c5 4. e3 Bd6 5. c3 Bxf4 6. exf4 Qc7 7. Qd2 Nf6 8. Bd3
b6 9. O-O Ba6 10. Bxa6 Nxa6 11. Qe2 c4 12. f5 Qe7 13. fxe6 Qxe6 14. Re1 Qxe2
15. Rxe2+ Kd8 16. Nbd2 Rc8 17. Ne5 Rc7 18. b3 Re8 19. bxc4 dxc4 20. Re3 Nd5 21.
Rh3 b5 22. a4 b4 23. cxb4 Naxb4 24. Nexc4 h6 25. Rg3 f6 26. Kf1 Re6 27. Re1
Rec6 28. Ne3 Nf4 29. Ndc4 g5 30. Rc1 Nfd5 31. Rd1 Nc3 32. Rc1 Ne4 33. Rh3 Nd2+
34. Ke2 Nxc4 35. d5 Rc5 36. Nxc4 Rxc4 37. Rxc4 Rxc4 38. Rxh6 Re4+ 39. Kf3 Rf4+
40. Ke2 Nxd5 41. Rh8+ Kd7 42. Rh7+ Ne7 43. Rf7 Ke6 0-1

[Event "I Chess Classic Festival"]
[Site "Siracusa ITA"]
[Date "2006.09.29"]
[Round "8"]
[White "Nielsen, Jorgen Kamp"]
[Black "Tondo, Salvatore"]
[Result "0-1"]
[WhiteElo "1697"]
[BlackElo "2029"]
[PlyCount "44"]
[EventDate "2006.09.23"]

1. e4 c5 2. f4 d6 3. Nf3 Nc6 4. Bc4 e6 5. Nc3 Nf6 6. d3 Be7 7. O-O O-O 8. Bb3
Na5 9. Qe1 Nxb3 10. axb3 Nd7 11. Qg3 f5 12. h4 Nf6 13. exf5 exf5 14. Nd1 Nh5
15. Qe1 Re8 16. Be3 b6 17. g3 Bb7 18. Kh2 Bf6 19. Qf2 a5 20. c4 Qd7 21. Nc3
Bxc3 22. bxc3 Nf6 0-1